|
|
|
|
| LEADER |
00000nas a2200000 a 4500 |
| 001 |
ssj0038858 |
| 003 |
WaSeSS |
| 005 |
20200512172242.0 |
| 006 |
m d |
| 007 |
cr n |
| 008 |
930416d1993200umauer pes 0 a0eng c |
| 010 |
|
|
|a 93660947
|z sn 93007473
|
| 022 |
|
|
|l 1069-7837
|y 1069-7837
|
| 032 |
|
|
|a 604270
|b USPS
|
| 035 |
|
|
|a (WaSeSS)ssj0038858
|
| 037 |
|
|
|b Lawyers Weekly USA, 41 West St., Boston, MA 02111
|
| 040 |
|
|
|a ECB
|b eng
|c ECB
|d NSD
|d DLC
|d CLU
|d OCL
|d CLU
|d SLU
|d CLU
|d NSD
|d OCLCQ
|d DLC
|d OCLCF
|d OCLCO
|d WaSeSS
|
| 042 |
|
|
|a nsdp
|a pcc
|
| 043 |
|
|
|a n-us---
|
| 050 |
1 |
0 |
|a K12
|b .A969
|
| 082 |
0 |
0 |
|a 349.73/05
|a 347.3005
|2 20
|
| 210 |
0 |
|
|a Lawyer's wkly. USA
|
| 222 |
|
0 |
|a Lawyer's weekly USA
|
| 245 |
0 |
0 |
|a Lawyer's weekly USA
|h [electronic resource].
|
| 246 |
3 |
|
|a Lawyer's weekly United States of America
|
| 246 |
1 |
7 |
|a LWUSA
|
| 260 |
|
|
|a Boston, MA :
|b Lawyers Weekly Publications,
|c 1993-
|
| 310 |
|
|
|a Biweekly
|
| 362 |
0 |
|
|a Issue 93-1 (Apr. 12, 1993)-
|
| 500 |
|
|
|a Title from caption.
|
| 500 |
|
|
|a "A bi-weekly newspaper from Lawyers Weekly Publications."
|
| 506 |
|
|
|a License restrictions may limit access.
|
| 525 |
|
|
|a Has separately paged supplements.
|
| 650 |
|
0 |
|a Law
|z United States
|v Periodicals.
|
| 650 |
|
7 |
|a Law.
|2 fast
|0 (OCoLC)fst00993678
|
| 651 |
|
7 |
|a United States.
|2 fast
|0 (OCoLC)fst01204155
|
| 655 |
|
0 |
|a Electronic journals.
|
| 780 |
0 |
0 |
|t Lawyer's alert
|x 0278-9817
|w (DLC) 83644049
|w (OCoLC)7938072
|
| 785 |
0 |
0 |
|t Lawyers USA
|x 1931-9584
|w (DLC) 2006213029
|w (OCoLC)67836920
|
| 850 |
|
|
|a MoSU-L
|
| 856 |
4 |
0 |
|z Full text available from Research Library: 08/15/2005 to 04/23/2006
|u https://search.proquest.com/publication/28794
|